Cohesion Policy and Citizens' Identification with the European Union

Európska identita sa uznáva ako dôležitý prvok udržateľnosti Európskej únie (EÚ). Môže byť ovplyvnená ekonomickými výhodami z členstva v EÚ a kombináciou historických, kultúrnych, sociálnych, ekonomických a politických faktorov. Príspevok sa zameriava na identifikáciu vzťahu medzi identifikáciou ob...

Descrizione completa

Salvato in:
Dettagli Bibliografici
Autore principale: Výrostová, Eva
Natura: Capitolo di libro
Lingua:inglese
Soggetti:
Tags: Aggiungi Tag
Nessun Tag, puoi essere il primo ad aggiungerne!!

MARC

LEADER 00000naa a2200000 4500
001 0299189
005 20240214135247.8
041 0 |a eng 
044 |a SK 
245 1 0 |a Cohesion Policy and Citizens' Identification with the European Union  |c Eva Výrostová 
520 |a Európska identita sa uznáva ako dôležitý prvok udržateľnosti Európskej únie (EÚ). Môže byť ovplyvnená ekonomickými výhodami z členstva v EÚ a kombináciou historických, kultúrnych, sociálnych, ekonomických a politických faktorov. Príspevok sa zameriava na identifikáciu vzťahu medzi identifikáciou občanov s EÚ a výdavkami na politiku súdržnosti ako možno jeden z najviditeľnejších prínosov členstva v EÚ na regionálnej úrovni. Výsledky ekonometrickej analýzy ukazujú, že identifikácia s EÚ je vyššia v regiónoch s vyššími výdavkami z fondov EÚ a lepšou sociálno-ekonomickou situáciou. Zdá sa, že európsku identitu pozitívne ovplyvňujú vnímané výhody EÚ, pochopenie toho, ako EÚ funguje, a presvedčenie, že v EÚ sa berú do úvahy záujmy krajiny. Okrem toho sa potvrdzuje pozitívny vzťah medzi povedomím o politike súdržnosti a identifikáciou s EÚ. 
610 2 0 |a politika kohézna 
610 2 0 |a identita 
610 2 0 |a fondy štruktúrne 
610 2 0 |a fondy investičné 
610 2 0 |a regióny 
610 2 0 |a Európska únia 
100 1 |a Výrostová, Eva